=LDR 00000nam 2200000 4500 =001 INLIS000000000058323 =005 20210913094754 =035 ##$$a 0010-0921000127 =007 ta =008 210913###########################0#ind## =020 ##$$a 978-979-769-339-8 =082 ##$$a 351 =084 ##$$a 351 Far t =245 1#$$a Teori dan Konsep Administrasi : $b Dari Pemikiran Paradigmatik Menuju Redefinisi /$c Prof.Dr.Drs. H. Faried Ali,SH.,M.S. =250 ##$$a Cet.1 =300 ##$$a xxiv, 220 halaman ; $c 21 cm =650 #4$$a Administrasi Negara =264 ##$$a jakarta :$b Raja grafindo persada,$c 2011 =336 ##$$a teks$2 rdacontent =337 ##$$a lain-lain$2 rdamedia =338 ##$$a lain-lain$2 rdacarrier =990 ##$$a 09310931